000
00238nam a2200097Ia 4500
001
689525
005
20250826161636.0
008
250824s9999 xx 000 0 und d
245
0
_a
KIYISIZLAR
_c
KAHRAMAN TAZEOĞLU
260
_b
DESTEK YAYINLARI
999
_c
689525
_d
689525